000 00952nam a2200289Ia 4500
003 GCL
008 140319s9999 xx 000 0 ara d
040 _aGCL /
_cGCL
082 0 4 _aق
_b328.962
_bس ن
100 1 _aسليمان محمد سليمان الطماوى
245 1 0 _aالنظام النيابى فى مصر /
_cسليمان محمد سليمان الطماوى
260 _a[S.N] :
_bالمجلس الاعلى للثقافة ،
_c1990
300 _a268 ص
490 _a
650 0 4 _aمصر
650 0 4 _aمجلس الشعب
650 0 4 _aالديمقراطية
650 0 4 _aالاحزاب السياسية
650 0 4 _aالقانون الدستورى
650 0 4 _aالصحافة المصرية
650 0 4 _aالهيئات التشريعية
650 0 4 _aالبرلمان
650 0 4 _aالمجالس النيابية
650 0 4 _aمجلس الشورى
650 0 4 _aالدكتاتورية
942 _2ddc
_cBK
999 _c53031
_d53031